000
00229nam a2200097Ia 4500
008
240331s9999 xx 000 0 und d
082
_b
GOP
100
_a
Gopalaratnam,S.M
245
0
_a
Eelam-muduviiap piyanathi varalaaru
942
_c
L
999
_c
4619
_d
4619